Score 0/35 Timer 07:00
6 Plays Today
% Correct
Cruel, spiteful, or malicious
97.6%
The average value of a set of numbers
96.5%
A large, heavy animal with thick hair and sharp claws
93.6%
Small thin piece of material used to pluck guitar strings
92.9%
To select from a group
92.6%
Any of various styles of pop music having a heavy beat
91.5%
Brass wind instrument
91.1%
Concreted mass of stony material
90.9%
A usually dry or dead severed twig
90.4%
To change gears in an automobile
89.2%
Change in position or direction
88.8%
To accept or endure
88.8%
To remove loose particles from (the teeth, the nose, etc.)
87.8%
Computer key that alters the meaning of other keys
87.5%
To adhere to a surface
87.1%
Move gently back and forth
86.8%
To unlock with a device other than the key
86.2%
To intend to convey or indicate
85%
% Correct
To give birth to
84.6%
Hard structure projecting from the head
82.9%
Scheduled period of work
82.3%
To execute a landing flawlessly in gymnastics
78%
A telephone
71.8%
High pommel of a saddle
71.8%
To kill by piercing
71.3%
To have the importance or value of
68.8%
Sharp mountain peak
67.2%
To shake or disturb violently
65.4%
One that sells securities in expectation of a price decline
63.9%
A screen in basketball
57.8%
Varicolored stick candy
57.2%
Woman's slip or chemise
52.7%
Humble, obscure, or lowly
51.6%
To be equipped or furnished with
50.9%
A number of parachutists dropping together
31.7%
Remove Ads.
Support Sporcle.
Get the best of Sporcle when you Go Orange. This ad-free experience offers more features, more stats, and more fun while also helping to support Sporcle. Thank you for becoming a member.

You're not logged in!

Compare scores with friends on all Sporcle quizzes.
OR
Log In

Show Comments

Extras

Top Quizzes Today


Score Distribution

Your Account Isn't Verified!

In order to create a playlist on Sporcle, you need to verify the email address you used during registration. Go to your Sporcle Settings to finish the process.

Report this User

Report this user for behavior that violates our Community Guidelines.

Details: